000 00966cam a2200229 a 4500
001 000010571
005 20200929162242.0
008 930920s1991 ck 000 0 spa
020 _z9586430154
040 _aDO-SdBNP
_bspa
_cBNPHU
082 _axxxx
_bxxxx
245 0 0 _aSantander y la opinión angloamericana :
_bvisión de viajeros y periódicos, 1821-1840 /
_cFrancis Hall, William Duane ; compilador David Sowell.
260 _aBogotá :
_bFundación para la conmemoración del bicentenario del natalicio y el sesquicentenario de la muerte del general Francisco de Paula Santander,
_c1991.
300 _axxviii, 523 p. :
_bil. ;
_c24 cm.
490 1 _aMonográfica,
500 _aIncluye índices onomástico, toponímico y temático
504 _aIncluye referencias bibliográficas y notas al pie de las páginas.
700 1 _aHall, Francis
_925646
700 1 _aDuane, William
_925647
700 1 _aSowell, David
_925648
830 0 _aMonográfica
_98347
999 _c10329
_d10329